<?xml version="1.0" encoding="UTF-8"?>
<collection xmlns="http://www.loc.gov/MARC21/slim">
 <record>
  <leader>00911nam a22002415a 4500</leader>
  <controlfield tag="001">EHU.bham040385</controlfield>
  <controlfield tag="003">AR-BHAM</controlfield>
  <controlfield tag="005">20170522121625.0</controlfield>
  <controlfield tag="008">130507s2010##################000#0#####d</controlfield>
  <datafield tag="020" ind1=" " ind2=" ">
   <subfield code="a">9789872453053</subfield>
  </datafield>
  <datafield tag="082" ind1="A" ind2="8">
   <subfield code="a">868.5</subfield>
  </datafield>
  <datafield tag="100" ind1="1" ind2=" ">
   <subfield code="a">Ortiz, Mario</subfield>
  </datafield>
  <datafield tag="245" ind1="1" ind2="0">
   <subfield code="a">Al pie de la letra :</subfield>
   <subfield code="b">cuadernos de lengua y literatura. vol. 5  /</subfield>
   <subfield code="c"> Mario Ortiz</subfield>
  </datafield>
  <datafield tag="260" ind1=" " ind2=" ">
   <subfield code="a">Bahía Blanca :</subfield>
   <subfield code="b">17 grises,</subfield>
   <subfield code="c">2010</subfield>
  </datafield>
  <datafield tag="300" ind1=" " ind2=" ">
   <subfield code="a">128 p.</subfield>
  </datafield>
  <datafield tag="490" ind1="0" ind2=" ">
   <subfield code="a">Literal / Texturas  / dir. por Maximiliano Crespi</subfield>
  </datafield>
  <datafield tag="500" ind1=" " ind2=" ">
   <subfield code="a">Bahía piensa. Bahía es Bicentenario. Gobierno de la Ciudad de Bahía Blanca, 2010.</subfield>
  </datafield>
  <datafield tag="653" ind1=" " ind2=" ">
   <subfield code="a">Literatura argentina-2000-</subfield>
  </datafield>
  <datafield tag="653" ind1=" " ind2=" ">
   <subfield code="a">Narrativa argentina-2000-</subfield>
  </datafield>
  <datafield tag="653" ind1=" " ind2=" ">
   <subfield code="a">Literatura bahiense-2000-</subfield>
  </datafield>
  <datafield tag="700" ind1="1" ind2=" ">
   <subfield code="a">Crespi, Maximiliano, dir.</subfield>
  </datafield>
  <datafield tag="859" ind1=" " ind2=" ">
   <subfield code="a">AR-BHAM</subfield>
   <subfield code="b">BIB. HUMANIDADES - General</subfield>
   <subfield code="h">A868.5</subfield>
   <subfield code="i">Or8</subfield>
   <subfield code="k">A</subfield>
   <subfield code="p">163.10</subfield>
   <subfield code="t">Ej.1</subfield>
   <subfield code="v">V</subfield>
  </datafield>
  <datafield tag="859" ind1=" " ind2=" ">
   <subfield code="a">AR-BHAM</subfield>
   <subfield code="b">BIB. HUMANIDADES - General</subfield>
   <subfield code="h">A868.5</subfield>
   <subfield code="i">Or8</subfield>
   <subfield code="k">A</subfield>
   <subfield code="p">496.15</subfield>
   <subfield code="t">Ej.2</subfield>
   <subfield code="v">V</subfield>
  </datafield>
 </record>
</collection>
